Standards Australia (Record no. 120036)

MARC details
000 -LEADER
fixed length control field 00752cam a2200181 4500
001 - CONTROL NUMBER
control field WS117998
008 - FIXED-LENGTH DATA ELEMENTS--GENERAL INFORMATION
fixed length control field 020516n 000 0 eng u
035 ## - SYSTEM CONTROL NUMBER
System control number (Sirsi) u117998
110 ## - MAIN ENTRY--CORPORATE NAME
Corporate name or jurisdiction name as entry element Standards Australia International Limited
9 (RLIN) 4240
245 ## - TITLE STATEMENT
Title Standards Australia
520 ## - SUMMARY, ETC.
Summary, etc. Web site for Standards Australia International Limited the standards body for Australia. Includes an online catalogue from which you can order hard copy or pdf standards and links to an archive of their journal 'The Australian Standard'.
650 ## - SUBJECT ADDED ENTRY--TOPICAL TERM
Topical term or geographic name entry element AUSTRALIA
650 ## - SUBJECT ADDED ENTRY--TOPICAL TERM
Topical term or geographic name entry element INTERNATIONAL
650 ## - SUBJECT ADDED ENTRY--TOPICAL TERM
Topical term or geographic name entry element STANDARDS
690 ## - LOCAL SUBJECT ADDED ENTRY--TOPICAL TERM (OCLC, RLIN)
Topical term or geographic name as entry element BUILT ENVIRONMENT
856 40 - ELECTRONIC LOCATION AND ACCESS
Uniform Resource Identifier <a href="https://www.standards.com.au">https://www.standards.com.au</a>
Public note view the website free of charge at www.standards.com.au...
942 ## - ADDED ENTRY ELEMENTS (KOHA)
Suppress in OPAC 0
Holdings
Withdrawn status Lost status Source of classification or shelving scheme Damaged status Not for loan Home library Current library Shelving location Date acquired Total Checkouts Full call number Barcode Date last seen Copy number Price effective from Koha item type
    Dewey Decimal Classification     Virtual Virtual Online 16/05/2002   WEB SITE 117998-2001 06/08/2019 1 06/08/2019 Online material